00425nam a2200169Ia 4500003000400000005001700004008004100021020001500062050002500077100002300102245004100125260003500166300003300201440000600234521000700240526000800247OSt20140321095936.0140130s9999 xx 000 0 und d a051627788X aPZ 8.3b.R232My 2003 aRau, Dana Meachen  cDana Meachen RauaMy special space / bScholastic,c2003.aNew York : a31 p. :bcol. ill. ;c19 cm. v1 aG1 c260